| 000 | 00488nam a22001457a 4500 | ||
|---|---|---|---|
| 020 | _a817754815 | ||
| 050 |
_aQH865 _b.S35 |
||
| 100 | _aSaini, R.S. | ||
| 245 |
_aLaboratory manual of analytical techniques in horticulture / _cR.S. Saini, K.D. Sharma, O.P. Dhankhar and R.A. Kaushik |
||
| 260 |
_aJodhpur, India : _bAgrobios (India), _cc2006. |
||
| 300 | _a135 p. | ||
| 650 |
_bPlants -- Analysis ; _bHorticulture |
||
| 700 |
_aSharma, R.S. ; _aDhankhar, O.P. ; _aKaushik, R.A. |
||
| 942 | _cGEN | ||
| 999 |
_c2098 _d2098 |
||